000 01223nam0a22003251 4500
001 rc\3557807
005 20130115135946.7
021 _aRU
_b77-10057
021 _aRU
_bРг6607-77
035 _a(NLR Aleph) 007683786
090 _a6566803
_c6566803
100 _a20130115d1976 |||y0rusy50 ca
101 0 _arus
102 _aRU
105 _aa d |||||
200 1 _aРоторные прерыватели потоков нейтронов
_eРеф. обзор
210 _aОбнинск
_cБ. и.
_d1976
215 _a36 с.
_cил.
_d21
225 1 _aФизико-энергетический институт. [Препринт]
_vА-31, ОБ-33
300 _aПеред загл. авт.: П.С. Клемышев, В.В. Свиридов, Н.В. Хотеев
300 _aНа обл. авт. не указаны
320 _aБиблиогр.: с. 34-35
700 1 _aКлемышев
_bП. С.
_gПавел Семенович
701 1 _aСвиридов
_bВ. В.
_gВладимир Владимирович
701 1 _aХотеев
_bН. В.
_gНиколай Васильевич
801 0 _aRU
_bNLR
_gpsbo
801 1 _aRU
_bELAR
_2rusmarc
852 _aNLR
_j77-4/13666
942 _cBOOK
980 _aNB